| 000 | 01158cam a2200229 4500 | ||
|---|---|---|---|
| 001 | ABS63627 | ||
| 008 | 000000n2001 000 0 eng u | ||
| 035 | _a(Sirsi) u111517 | ||
| 100 | _aMinogue, A. | ||
| 245 | _aWatch what you say | ||
| 260 | _c2001 | ||
| 490 |
_aBuilding _v266(8172) 9 March 2001, 55(1) |
||
| 520 | _aDiscusses the implications for project managers of the complex case "J Jarvis & Sums Ltd v Castle Wharf Developments Ltd, Gleeds Management Services Ltd and Franklin Ellis Architects Ltd", which went to CA. This emphasises the need for the employer and his team to take considerable care during post-tender negotiations. For statements that are routinely made could prove to have crossed the line between fair negotiation and negligent mis-statement. The case highlights a whole new area of potential liability. | ||
| 590 | _aABS | ||
| 650 | _aPROJECT MANAGERS | ||
| 650 | _aNEGOTIATIONS | ||
| 650 | _aLIABILITY | ||
| 650 | _aJ JARVIS & SUMS LTD V CASTLE WHARF DEVELOPMENTS LTD, GLEEDS MANAGEMENT SERVICES LTD AND FRANKLIN ELLIS ARCHITECTS LTD | ||
| 650 | _aMISSTATEMENTS | ||
| 690 | _aBUILT ENVIRONMENT | ||
| 942 | _n0 | ||
| 999 |
_c66457 _d66457 |
||